THE CHRONICLES OF NARNIA (Record no. 3442)
[ view plain ]
| 000 -LEADER | |
|---|---|
| fixed length control field | 00617nam a22001457a 4500 |
| 020 ## - INTERNATIONAL STANDARD BOOK NUMBER | |
| ISBN | 0-26-167049-2 |
| 082 ## - DEWEY DECIMAL CLASSIFICATION NUMBER | |
| Classification number | 823 |
| Item number | LEW/C |
| 100 ## - MAIN ENTRY--AUTHOR NAME | |
| Personal name | LEWIS, C.S |
| 245 ## - TITLE STATEMENT | |
| Title | THE CHRONICLES OF NARNIA |
| Remainder of title | PRINCE CASPIAN |
| 260 ## - PUBLICATION, DISTRIBUTION, ETC. (IMPRINT) | |
| Place of publication | GREAT BRITAIN |
| Name of publisher | GRAFTON |
| Year of publication | 1980 |
| 300 ## - PHYSICAL DESCRIPTION | |
| Number of Pages | 190 |
| 520 ## - SUMMARY, ETC. | |
| Summary, etc | Four kids travel through a wardrobe to the land of Narnia and learn of their destiny to free it with the guidance of a mystical lion. Four siblings are sent away from home during the blitz of WWII. They are sent to be watched over by an old Professor Kirke, who owns a massive mansion. |
| 650 ## - SUBJECT ADDED ENTRY--TOPICAL TERM | |
| Topical Term | NOVEL |
| Geographic subdivision | GREAT BRITAIN |
| 942 ## - ADDED ENTRY ELEMENTS (KOHA) | |
| Koha item type | Books |
| Withdrawn status | Lost status | Collection code | Home library | Current library | Shelving location | Date acquired | Source of acquisition | Full call number | Accession Number | Koha item type | Cost, normal purchase price |
|---|---|---|---|---|---|---|---|---|---|---|---|
| Fiction | Main Library | Main Library | SHELF-14G- ALPHABETICAL J,K,L --ENGLISH NOVELS & FICTIONS | 17/07/2019 | purchase | 823 LEW/C | 11269 | Books | |||
| Fiction | Main Library | Main Library | SHELF-14G- ALPHABETICAL J,K,L --ENGLISH NOVELS & FICTIONS | 17/10/2011 | purchase | 823 LEW/C | 05630 | Books | 199.00 |